Normal view
MARC view
- कुलकर्णी शिल्पा
Entry Personal Name
001 - CONTROL NUMBER
- control field: 57419
003 - CONTROL NUMBER IDENTIFIER
- control field: OSt
005 - DATE AND TIME OF LATEST TRANSACTION
- control field: 20220806105531.0
008 - FIXED-LENGTH DATA ELEMENTS
- fixed length control field: 220806|| aca||aabn | a|a d
040 ## - CATALOGING SOURCE
- Original cataloging agency: OSt
- Transcribing agency: OSt
100 ## - HEADING--PERSONAL NAME
- Personal name: कुलकर्णी शिल्पा
670 ## - SOURCE DATA FOUND
- Source citation: Work cat.: (OSt)33026: कुलकर्णी शिल्पा, गुन्हा आणि समाज, 2012